| 000 | 00844cam a22002651 4500 | ||
|---|---|---|---|
| 001 | 3018 | ||
| 003 | BD-RjUL | ||
| 005 | 20211208233647.0 | ||
| 008 | s1967 nyu b 000 0 eng | ||
| 035 | _a(BD-RjUL)3052 | ||
| 035 | _a(OCoLC)356862 | ||
| 040 |
_aDLC _cOAU _dOCoLC _dDLC _beng |
||
| 041 | _aeng | ||
| 082 |
_a331.880973 _216 _bESU 1967 |
||
| 100 | 1 |
_aEstey, Marten S. _99612 |
|
| 245 | 1 | 4 |
_aThe unions: _bstructure, development, and management / _cMarten Estey. Under the general editorship of Leonard R. Sayles. |
| 260 |
_aNew York : _bHarcourt, Brace & World, _c1967 |
||
| 300 |
_axi, 125 p. _c23 cm. |
||
| 504 | _aBibliographical footnotes. | ||
| 526 | _bSociology | ||
| 650 | 0 |
_aLabor unions _zUnited States. _92608 |
|
| 942 |
_2ddc _cBK |
||
| 999 |
_c3018 _d3018 |
||